000
00207nam a22000977a 4500
999
_c
15965
_d
15965
003
OSt
008
191024b ||||| |||| 00| 0 eng d
100
_a
Govindan ,Kutty.
_9
4435
245
_a
Narthaki
942
_c
BK